| 000 | 00555nam a2200193Ia 4500 | ||
|---|---|---|---|
| 003 | OSt | ||
| 005 | 20250531085015.0 | ||
| 008 | 210210b1981 xxu||||| |||| 00| 0 eng d | ||
| 040 | _cAL | ||
| 041 | _aKannada | ||
| 082 | _aK894.308 KRAS | ||
| 100 |
_aKRASHNAMURTHI PURANIKA _dಕೃಷ್ಣಮೂರ್ತಿ ಪುರಾಣಿಕ _9211940 |
||
| 245 |
_aSnehada suliyalli _bಸ್ನೇಹದ ಸುಳಿಯಲಿ |
||
| 260 |
_aMaisuru _bPustakalaya _c1981 |
||
| 300 | _a171 | ||
| 690 |
_aKannada Fiction _9211941 |
||
| 906 | _a035961 | ||
| 942 |
_2ddc _cBK |
||
| 999 |
_c86613 _d86613 |
||